Quản trị chất lượng sản phẩm : Tài liệu hướng dẫn học tập

Giới thiệu các khái niệm chất lượng, các công cụ quản trị chất lượng và các hệ thống quản lý chất lượng.

Đã lưu trong:
Bibliografiske detaljer
Hovedforfatter: Trương, Chí Tiến
Format: Bog
Sprog:Undetermined
Udgivet: Cần Thơ Nxb. Đại học Cần Thơ 2011
Fag:
Tags: Tilføj Tag
Ingen Tags, Vær først til at tagge denne postø!
Thư viện lưu trữ: Trung tâm Học liệu Trường Đại học Cần Thơ
LEADER 00837nam a2200205Ia 4500
001 CTU_229409
008 210402s9999 xx 000 0 und d
082 |a 658.5 
082 |b T305 
100 |a Trương, Chí Tiến 
245 0 |a Quản trị chất lượng sản phẩm : 
245 0 |b Tài liệu hướng dẫn học tập 
245 0 |c Trương Chí Tiến (Biên soạn) 
260 |a Cần Thơ 
260 |b Nxb. Đại học Cần Thơ 
260 |c 2011 
520 |a Giới thiệu các khái niệm chất lượng, các công cụ quản trị chất lượng và các hệ thống quản lý chất lượng. 
650 |a Quản lý sản phẩm,Product management 
910 |b nthai 
980 |a Trung tâm Học liệu Trường Đại học Cần Thơ